01326nam a2200313Ia 4500001000700000003000500007008004100012010001100053040000900064090001700073100004300090245019700133260004100330300004000371502007700411650004100488650003400529650003100563650003800594700003600632901001700668902000600685910000900691942000600700942000600706999001900712952014200731952013900873Z_1719CHAP220113s1999 xx 000 0 und d a164811 cCHAP aTesis H 1383 aHernández García, Salomón954057 aEfecto de la suplementación de ovejas criollas sobre el comportamiento productivo pre y postdestete de sus crías /cpor Salomón Hernández García y Manuel de Jesús López Pérez aChapingo, Méx. :bEl autor,c1999 a76 h. : gráfs. : cuadros : tablas aTesis (Ing. Agr. Esp. en Zootecnia) -- UACH. Departamento de Zootecnia aGanado lanarxAlimentación 945153 aGanado lanarxDestete 945169 aGanado lanarxPeso 945211 aGanado lanarxProducción945214 aLópez Pérez, Manuel9138877 aTESIS H 1383 aM a1999 c2 c2 c164811d164811 00102local4051708TESISaZbZd2005-11-09eEl autorl0oTesis H47 1383 1999p5101002190r2022-01-18 00:00:00tEj.1w2022-01-18yTESIS 00102local40718TESISaZbZd2005-11-09eEl autorl0oTesis H47 1383 1999p5101002191r2022-01-18 00:00:00tEj.2w2022-01-18yTESIS